Marchen der slawischen Volker (Запис номер 141254)
[ съкратено ]
| 000 -Лидер | |
|---|---|
| Контролно поле с фиксирана дължина | 02356nam a2200457 c 4500 |
| 003 - Код на организацията, давaща контролен номер | |
| Контролно поле | BLK |
| 005 - Дата и час на последна редакция | |
| Контролно поле | 20240710005455.0 |
| 008 - Елементи от данни с фиксирана дължина | |
| fixed length control field | 180409b bul|||||r ||||||| ||bul|| |
| 010 ## - Наследен системен номер | |
| LC control number | KNG00147324000 |
| 040 ## - Източник на каталожния запис | |
| Идентификатор на билиотеката - собственик на записа | BLK |
| 041 ## - Код за език | |
| Код за езика на текст/звукозапис или на отделно заглавие | Немски |
| Код за езика КДБФ | Немски |
| 080 ## - УДК | |
| Текстов определител УДК | Българска литература |
| УДК код - определител по УДК | 821.163.2 |
| УДК определител | -93-34 |
| УДК - код + определител | 821.163.2-93-34 |
| 139 ## - Редно поле | |
| Редна дума | Karalijcev, Angel Ivanov et al. |
| Авторски знак | Каля - К 21 |
| 245 10 - Сведения за заглавието | |
| Заглавие | Marchen der slawischen Volker |
| Подзаглавни данни | Т. 1 - |
| Редно поле (дума) | nacherzahlt von Angel Karalijtschew; съавт. Nikolaj P. Todorow; ill. Iwan Dimov; ubers. von на том Lotte Markowa; ubers. von на том Gerda Minkowa; * Ангел Иванов Каралийчев; * Nikolaj P. Tododrov; * Николай П. Тодоров; * Ivan Dimov; * Иван Димов; * Gerda G. Minkova; * Герда Г. Минкова; * Lotte Markova; * Angel Ivanov Karalijcev. |
| Том | Т. 2 |
| Заглавие на том | Die Kinder des Wojewoden |
| 257 ## - Страна на издаване | |
| Страна на създаване/издаване | България |
| 260 ## - Област на издателските данни | |
| -- | Sofia |
| Име на издателя, разпространителя и проч. | Bulg. hudoshnik |
| Година на издаване | 1984 - |
| 300 ## - Физическа характеристика | |
| Размери/Мащаб | 24 см |
| 380 ## - Жанр | |
| Жанр | Детска худож. лит. |
| 500 ## - Общи забележки | |
| Забележка | Ориг. загл. Приказки на славянските народи. - Авт. не са отбелязани на кор. |
| 700 1# - Други автори (авторска отговорност) | |
| Лично име | Karalijtschew, Angel |
| Автороска отговорност (Описва отношението между автора и произведението) | nacherzahlt von |
| 9 (RLIN) | 14666 |
| 700 1# - Други автори (авторска отговорност) | |
| Лично име | Todorow, Nikolaj P. |
| Автороска отговорност (Описва отношението между автора и произведението) | съавт. |
| 9 (RLIN) | 379500 |
| 700 1# - Други автори (авторска отговорност) | |
| Лично име | Dimov, Iwan |
| Автороска отговорност (Описва отношението между автора и произведението) | ill. |
| 9 (RLIN) | 327314 |
| 700 1# - Други автори (авторска отговорност) | |
| Лично име | Markowa, Lotte |
| Автороска отговорност (Описва отношението между автора и произведението) | ubers. von на том |
| 9 (RLIN) | 377965 |
| 700 1# - Други автори (авторска отговорност) | |
| Лично име | Minkowa, Gerda |
| Автороска отговорност (Описва отношението между автора и произведението) | ubers. von на том |
| 9 (RLIN) | 327313 |
| 700 1# - Други автори (авторска отговорност) | |
| Лично име | Каралийчев, Ангел Иванов |
| Дати, свързани с автора | 1902-1972 |
| Автороска отговорност (Описва отношението между автора и произведението) | * |
| 9 (RLIN) | 76702 |
| 700 1# - Други автори (авторска отговорност) | |
| Лично име | Tododrov, Nikolaj P. |
| Автороска отговорност (Описва отношението между автора и произведението) | * |
| 9 (RLIN) | 26334 |
| 700 1# - Други автори (авторска отговорност) | |
| Лично име | Тодоров, Николай П. |
| Автороска отговорност (Описва отношението между автора и произведението) | * |
| 9 (RLIN) | 379495 |
| 700 1# - Други автори (авторска отговорност) | |
| Лично име | Dimov, Ivan |
| Автороска отговорност (Описва отношението между автора и произведението) | * |
| 9 (RLIN) | 379501 |
| 700 1# - Други автори (авторска отговорност) | |
| Лично име | Димов, Иван |
| Автороска отговорност (Описва отношението между автора и произведението) | * |
| Друга информация | Иванов, Иван Димов |
| 9 (RLIN) | 364198 |
| 700 1# - Други автори (авторска отговорност) | |
| Лично име | Minkova, Gerda G. |
| Автороска отговорност (Описва отношението между автора и произведението) | * |
| 9 (RLIN) | 327315 |
| 700 1# - Други автори (авторска отговорност) | |
| Лично име | Минкова, Герда Г. |
| Автороска отговорност (Описва отношението между автора и произведението) | * |
| 9 (RLIN) | 327316 |
| 700 1# - Други автори (авторска отговорност) | |
| Лично име | Markova, Lotte |
| Автороска отговорност (Описва отношението между автора и произведението) | * |
| 9 (RLIN) | 377966 |
| 700 1# - Други автори (авторска отговорност) | |
| Лично име | Karalijcev, Angel Ivanov |
| Автороска отговорност (Описва отношението между автора и произведението) | * |
| 9 (RLIN) | 378925 |
| 760 1# - Описание на основната серия | |
| Място на издаване, издател и година | 1984 |
| Страници - том | 272 с. : с цв. ил. |
| Забележка - том | Ориг. загл. Сладкодумни братя. - 50 080 тир. |
| Заглавие | Т. 2 Die Kinder des Wojewoden |
| 852 ## - Местоположение | |
| Форматна сигнатура | Цб 259071 |
| 856 4# - Електронен адрес и достъп | |
| Електронен формат | pdf - файл |
| Път до файла /url/ | |
| 856 4# - Електронен адрес и достъп | |
| Електронен формат | pdf - файл |
| Път до файла /url/ | |
| 942 ## - АРТИКУЛИ | |
| Вид на библиотечния материал | Книги |
| Скрит в OPAC | Не |
| 944 ## - СЪЗДАВАНЕ И РЕДАКЦИЯ на ЗАПИСА | |
| Създаване/Редакция | Създаване |
| Дата на регистрацията/редакция | 25.07.2013 |
| Статус, дата на статуса | CRON CRON |
| Служител, извършил регистрацията/редакцията | |
| 944 ## - СЪЗДАВАНЕ И РЕДАКЦИЯ на ЗАПИСА | |
| Създаване/Редакция | Редакция |
| Дата на регистрацията/редакция | 25.07.2013 |
| Статус, дата на статуса | 25.07.2013 - от С1,Р / 25.07.2013 |
| Служител, извършил регистрацията/редакцията | |
| 999 ## - СИСТЕМНИ КОНТРОЛНИ НОМЕРА | |
| Koha biblionumber | 141254 |
| Koha biblioitemnumber | 141254 |
| Код за отписване | Код за изгубен артикул | Източник на класификационната схема | Код за повреда | Коз за рестрикции | Код за отдаване | Артикулен № | Име на библиотеката - собственик | Име на библиотеката, в която се намира в момента | Статус (Текущо местоположение) | Дата на вписване в системата | Местоположение - отдел | Цена в лева | Инвентарен номер | Систематично азбучна сигнатура | Баркод | Номер на екземпляра | Цена в евро | Служебна бележка | Служебен тип на артикула |
|---|---|---|---|---|---|---|---|---|---|---|---|---|---|---|---|---|---|---|---|
| Не е изгубен | Universal Decimal Classification | Не е повреден | без рестрикции | ползва се в читалня | 232481 | Регионална библиотека "Любен Каравелов" Русе | Регионална библиотека "Любен Каравелов" Русе | Хранилище | 1984-01-01 | Хранилище | 0.00 | 421982 | Цб 259071 | 120000421982 | 1 | 0.00 | Вид: Сф N: стар фонд Дата: 01.01.1984 | Книги |